00311nam a2200133Ia 450000500170000000800410001705000250005824500300008326000220011330000210013544000060015652100070016252600080016920140405084556.0140130s9999 xx 000 0 und d aPZ 7b.T2186Cay 2002 cTaylor, TheodoreaThe cay bScholastic,c1969 a127 p. :c22 cm. v1 aG7 c860